000 00892pam a2200253 a 4500
001 915820
005 19821105000000.0
008 820614s1983 nyu b 001 0 eng
010 _a 82010885
020 _a0471096687 :
_c$19.95 (est.)
040 _aDLC
_cDLC
_dDLC
050 0 0 _aHF1017
_b.I48 1982
100 1 _aIman, Ronald L.
245 1 0 _aModern business statistics /
_cRonald L. Iman, W.J. Conover.
260 _aNew York :
_bWiley,
_cc1983.
300 _axxxiv, 777 p. ;
_c25 cm.
504 _aIncludes bibliographies and indexes.
650 0 _aCommercial statistics.
650 0 _aStatistics.
700 1 _aConover, W. J.
906 _a7
_bcbc
_corignew
_d1
_eocip
_f19
_gy-gencatlg
942 _2lcc
_cBK
999 _c25048
_d25048